| 000 | 00717nam a2200265Ia 4500 | ||
|---|---|---|---|
| 003 | OSt | ||
| 005 | 20230401115822.0 | ||
| 008 | 210210b1998 xxu||||| |||| 00| 0 eng d | ||
| 040 | _cAL | ||
| 041 | _aeng | ||
| 082 |
_a383/191 _bBHUF |
||
| 100 |
_aY K Bhushan _959644 |
||
| 245 | _aFundamentals of business organization and management | ||
| 250 | _a7 | ||
| 260 |
_aNew Delhi _bSultan Chand & Sons _c1972 |
||
| 300 |
_aviii,912p. _bHB _c21x13cm. |
||
| 365 | _2Management | ||
| 650 |
_aCompany Management _981711 |
||
| 650 |
_aNew Business Units _981712 |
||
| 650 |
_aManagement of Production _981713 |
||
| 690 |
_aManagement _959645 |
||
| 700 |
_aBHUSHAN (Y K) _981714 |
||
| 906 | _a049670 | ||
| 942 |
_2ddc _cBK |
||
| 999 |
_c115807 _d115807 |
||